| 000 | 00392nam a2200181Ia 4500 | ||
|---|---|---|---|
| 100 | _aTroppens/Ulf/ Erkens/Rainer | ||
| 650 | _aNetworks | ||
| 250 | _a2 | ||
| 942 | _cBK | ||
| 366 | _f27 | ||
| 654 | _astorage networks | ||
| 245 | _aStorage networks explained | ||
| 260 |
_bWiley India _c2003 |
||
| 082 |
_a4.68 _bTRO |
||
| 300 | _a564 | ||
| 546 |
_aENGLISH _celectronics |
||
| 999 |
_c35468 _d35468 |
||